000 01818cam a22004095a 4500
999 _c12397
_d12397
003 EG-ScBUE
005 20191210105746.0
006 m||||fq||d 00| 0
008 090726r20092006enka f d 000 0 mul d
020 _a9780194300094
040 _aEG-ScBUE
_beng
_erda
_cEG-ScBUE
_dEG-ScBUE
041 1 _aeng
_aara
_heng
082 0 4 _a492.7321
_bOXF
_222
245 0 0 _aOxford wordpower dictionary =
_bقاموس أكسفورد الحديث لدارسي اللغة الإنكليزية : إنكليزي - إنكليزي - عربي.
246 3 _aقاموس أكسفورد الحديث لدارسي اللغة الإنجليزية :
_bإنجليزي - إنجليزي - عربي
246 3 1 _aقاموس أكسفورد الحديث لدارسي اللغة الإنكليزية :
_bإنكليزي - إنكليزي - عربي
250 _aSecond edition.
250 _aReprint edition.
264 1 _aOxford ;
_aNew York :
_bOxford University Press,
_c2009.
300 _axii, 916 pages :
_billustrations ;
_c22 cm +
_e1 CD
336 _2rdacontent
_atext
_btxt
336 _2rdacontent
_asounds
_bsnd
337 _2rdamedia
_aunmediated
_bn
337 _2rdamedia
_aaudio
_bs
338 _2rdacarrier
_avolume
_bnc
338 _2rdacarrier
_acomputer disc
_bcd
500 _aطبعة موسعة.
500 _aIncludes appendices.
520 _aA popular dictionary which combines simple English definitions with Arabic translations of all headwords, idioms and phrasal verbs. Now available with CD-ROM.
546 _aText in English and Arabic.
590 _abasant emad
650 7 _aEnglish language
_vdictionaries
_xArabic.
_2BUEsh
_913838
650 7 _aArabic language
_vdictionaries
_xEnglish
_2BUEsh
_95758
653 _bHHUUEENN
_cOctober2017
_cSeptember2018
655 _vReading book
942 _2ddc
_cREFERENCE